[Event "ch-city"]
[Site "Milanowek"]
[Date "2011.??.??"]
[Round "1.1"]
[White "Kolosowski, Mateusz"]
[Black "Wojtowicz, Mieczyslaw"]
[Result "1-0"]
[WhiteElo "2408"]
[BlackElo "1737"]
[PlyCount "57"]
[EventDate "2011.??.??"]

1. d4 d5 2. c4 c6 3. Nf3 Nf6 4. e3 g6 5. Bd3 Bg7 6. O-O O-O 7. Qc2 dxc4 8. Qxc4
Nbd7 9. b3 Nb6 10. Qc2 Nfd5 11. a3 Bg4 12. Ne5 Bxe5 13. dxe5 Bd7 14. f4 e6 15.
Rf3 c5 16. Bb2 Rc8 17. Qe2 Ne7 18. Nc3 Nf5 19. Ne4 Bc6 20. Nf6+ Kg7 21. Rh3 Rh8
22. Rd1 Qc7 23. Bxf5 gxf5 24. e4 fxe4 25. Qg4+ Kf8 26. Nxh7+ Rxh7 27. Rxh7 Nd5
28. Qg7+ Ke8 29. Qg8+ 1-0

[Event "ch-city"]
[Site "Milanowek"]
[Date "2011.??.??"]
[Round "1.2"]
[White "Woloszyn, Piotr"]
[Black "Malec, Sebastian"]
[Result "0-1"]
[WhiteElo "1664"]
[BlackElo "2167"]
[PlyCount "86"]
[EventDate "2011.??.??"]

1. Nf3 Nf6 2. g3 b5 3. b3 Bb7 4. Bg2 e6 5. c4 b4 6. O-O Be7 7. Bb2 O-O 8. d4 d6
9. Nbd2 Nbd7 10. Re1 c5 11. e3 a5 12. a4 Ra6 13. Qc2 Qa8 14. Nh4 Rc8 15. Qd3
Bd8 16. Rac1 Bb6 17. h3 Re8 18. Rcd1 Bxg2 19. Nxg2 e5 20. d5 e4 21. Qe2 Ne5 22.
Bxe5 Rxe5 23. Nf4 Qc8 24. Kh2 Ra7 25. Rg1 Rae7 26. Nf1 Bd8 27. g4 Nd7 28. Nd2
Re8 29. Nh5 g6 30. Nf4 Bf6 31. Rg2 R5e7 32. g5 Bc3 33. Nb1 Bg7 34. h4 Re5 35.
Rg3 Rf5 36. Rdg1 Bc3 37. R1g2 Ne5 38. Kh1 Nf3 39. Rg4 Be5 40. Nd2 Bxf4 41. exf4
Rxf4 42. Nxe4 Rexe4 43. Qxf3 Re1+ 0-1

[Event "ch-city"]
[Site "Milanowek"]
[Date "2011.??.??"]
[Round "1.3"]
[White "Olejarczyk, Bogdan"]
[Black "Tomaszewski, Wieslaw"]
[Result "1-0"]
[WhiteElo "2120"]
[BlackElo "1573"]
[PlyCount "120"]
[EventDate "2011.??.??"]

1. d4 d5 2. c4 dxc4 3. Nf3 Bf5 4. Nc3 e6 5. e4 Bg4 6. Be3 c6 7. Bxc4 Nf6 8. O-O
Be7 9. h3 Bh5 10. Qe2 Nbd7 11. Rfd1 Qc8 12. Rac1 O-O 13. Bf4 Bb4 14. a3 Bxc3
15. Rxc3 Re8 16. Bd6 Nb6 17. Ba2 Qd7 18. Bh2 Rad8 19. g4 Bg6 20. Ne5 Qe7 21. f3
Nfd7 22. Kg2 Nxe5 23. Bxe5 h6 24. Bg3 f6 25. Rcd3 Bf7 26. Qd2 Rd7 27. Qa5 Nc8
28. Qc3 Red8 29. b4 Nb6 30. Bb1 Bg6 31. Bc2 Nc8 32. R3d2 Nd6 33. Bxd6 Rxd6 34.
e5 fxe5 35. Bxg6 Qf6 36. Bc2 exd4 37. Qd3 Kf7 38. Qe4 Rd5 39. Re1 R5d6 40. f4
d3 41. Bb3 Rd4 42. Qxe6+ Qxe6 43. Rxe6 Kf8 44. Kf3 a5 45. Re4 axb4 46. axb4 b6
47. Ke3 c5 48. bxc5 bxc5 49. Rxd4 Rxd4 50. Rxd3 Rb4 51. Rc3 Ke7 52. Bc4 Kd6 53.
Ke4 Ra4 54. Kf5 Ra7 55. Kg6 Re7 56. Bf7 h5 57. Kxg7 h4 58. Kf6 c4 59. Bxc4 Re6+
60. Kg5 Re4 1-0

[Event "ch-city"]
[Site "Milanowek"]
[Date "2011.??.??"]
[Round "1.4"]
[White "Fraczek, Lukasz"]
[Black "Sawicki, Mikolaj"]
[Result "0-1"]
[WhiteElo "1503"]
[BlackElo "2045"]
[PlyCount "64"]
[EventDate "2011.??.??"]

1. e4 d5 2. exd5 Qxd5 3. Nc3 Qa5 4. d4 Nf6 5. Nf3 Nc6 6. Be2 Bg4 7. O-O O-O-O
8. Be3 e5 9. Ng5 Be6 10. Nxe6 fxe6 11. Bf3 exd4 12. Bxc6 bxc6 13. Qf3 dxe3 14.
Qxc6 exf2+ 15. Kh1 Qb6 16. Qa8+ Qb8 17. Qc6 Rd6 18. Qa4 Qb7 19. Rxf2 Qxb2 20.
Rb1 Qxc3 21. Rf3 Qd4 22. c4 Be7 23. h3 Rhd8 24. Rfb3 Rb6 25. Rxb6 cxb6 26. Qa6+
Kb8 27. a4 Ne4 28. a5 Bd6 29. axb6 Nf2+ 30. Kg1 Nxh3+ 31. Kh1 Qg1+ 32. Rxg1
Nf2# 0-1

[Event "ch-city"]
[Site "Milanowek"]
[Date "2011.??.??"]
[Round "1.5"]
[White "Goslawski, Michal"]
[Black "Tomczyk, Ryszard"]
[Result "1-0"]
[WhiteElo "2033"]
[BlackElo "1479"]
[PlyCount "89"]
[EventDate "2011.??.??"]

1. c4 c5 2. Nf3 b6 3. Nc3 Bb7 4. e4 Nc6 5. d4 cxd4 6. Nxd4 g6 7. Nc2 Bg7 8. Be3
Nf6 9. f3 O-O 10. Qd2 a6 11. Na4 b5 12. Nb6 Rb8 13. cxb5 axb5 14. Bxb5 d6 15.
a4 Ne8 16. Ra2 Nc7 17. Be2 Na8 18. a5 Nxb6 19. Bxb6 Qc8 20. O-O Ba6 21. b4 Bxe2
22. Qxe2 Ra8 23. Qc4 Qd7 24. Rd1 Rfc8 25. Qd5 Rcb8 26. Ra3 Be5 27. b5 Na7 28.
Qxe5 Nxb5 29. Qd5 Nxa3 30. Nxa3 Qa4 31. Rd3 Qb4 32. h3 Qe1+ 33. Kh2 Rc8 34. Rd1
Qc3 35. Nb5 Qf6 36. Na7 Qf4+ 37. Kh1 Rxa7 38. Bxa7 Rc1 39. Rxc1 Qxc1+ 40. Bg1
Qa3 41. Qb5 e6 42. a6 d5 43. exd5 exd5 44. a7 Qa1 45. Qxd5 1-0

[Event "ch-city"]
[Site "Milanowek"]
[Date "2011.??.??"]
[Round "1.6"]
[White "Szustakowski, Antoni"]
[Black "Tomaszewska, Luiza"]
[Result "0-1"]
[WhiteElo "1437"]
[BlackElo "1994"]
[PlyCount "142"]
[EventDate "2011.??.??"]

1. c4 Nf6 2. Nc3 d6 3. g3 e5 4. Bg2 g6 5. d3 Bg7 6. Nf3 O-O 7. O-O Nbd7 8. Bd2
c6 9. Qb3 Nc5 10. Qc2 a5 11. Be3 Ne6 12. Qb3 Nd7 13. Na4 Nd4 14. Nxd4 exd4 15.
Bf4 Qe7 16. Rfe1 Re8 17. Nb6 Nxb6 18. Qxb6 Bg4 19. Qb3 h5 20. h3 Bf5 21. Qa3
Be5 22. Bxe5 dxe5 23. Qxe7 Rxe7 24. a3 e4 25. dxe4 Bxe4 26. Bxe4 Rxe4 27. Rad1
c5 28. a4 Ra6 29. Rd3 Rb6 30. b3 f5 31. Kg2 Kf7 32. h4 Kf6 33. e3 Rbe6 34. Re2
f4 35. gxf4 Rxf4 36. Kg3 Rfe4 37. Re1 g5 38. hxg5+ Kxg5 39. Rg1 dxe3 40. Kf3+
Rg4 41. Rd5+ Kg6 42. Re1 e2 43. Rxe2 Rf6+ 44. Ke3 b6 45. Kd2 Rgf4 46. Rd3 Rxf2
47. Rxf2 Rxf2+ 48. Kc3 Rf6 49. Rg3+ Kh6 50. Kd3 Re6 51. Rg1 h4 52. Rg8 Kh5 53.
Rh8+ Rh6 54. Rg8 h3 55. Rg1 h2 56. Rh1 Kg4 57. Ke2 Kg3 58. Kf1 Rf6+ 59. Ke2 Kg2
60. Rxh2+ Kxh2 61. Kd3 Re6 62. Kd2 Kg2 63. Kd3 Kf2 64. Kd2 Rd6+ 65. Kc3 Ke2 66.
Kc2 Rd3 67. Kb2 Kd2 68. Ka2 Kc2 69. Ka3 Rxb3+ 70. Ka2 Rc3 71. Ka1 Ra3# 0-1

[Event "ch-city"]
[Site "Milanowek"]
[Date "2011.??.??"]
[Round "1.7"]
[White "Staniak, Mariusz"]
[Black "Dabrowski, Mikolaj"]
[Result "1-0"]
[WhiteElo "1889"]
[BlackElo "1434"]
[PlyCount "69"]
[EventDate "2011.??.??"]

1. c4 c5 2. g3 g6 3. Bg2 Bg7 4. Nc3 Nc6 5. e3 Nf6 6. Nge2 O-O 7. O-O d6 8. d4
cxd4 9. exd4 Bd7 10. Bg5 Rc8 11. Qd2 Qa5 12. a3 Rfd8 13. b4 Qc7 14. Rac1 a5 15.
b5 Na7 16. b6 Qxb6 17. Rb1 Qa6 18. Bxb7 Qxc4 19. Bxc8 Bxc8 20. Rfc1 Qa6 21.
Bxf6 Bxf6 22. Nd5 Bg4 23. Nef4 Nb5 24. Nxf6+ exf6 25. Nd5 Kg7 26. a4 Na3 27.
Rb6 Qa8 28. Ne3 Bh3 29. d5 Rc8 30. Rb3 Rxc1+ 31. Qxc1 f5 32. Qxa3 Qd8 33. Qb2+
Kh6 34. Qd4 g5 35. Rb7 1-0

[Event "ch-city"]
[Site "Milanowek"]
[Date "2011.??.??"]
[Round "1.8"]
[White "Kucharski, Jacek"]
[Black "Lasota, Adam"]
[Result "0-1"]
[WhiteElo "1384"]
[BlackElo "1844"]
[PlyCount "58"]
[EventDate "2011.??.??"]

1. d4 Nf6 2. Nf3 g6 3. g3 Bg7 4. Bg2 O-O 5. c3 d5 6. O-O Nbd7 7. Re1 c5 8. e3
Qc7 9. Nbd2 b6 10. a3 Bb7 11. Qc2 Rac8 12. Nb3 Ne4 13. Bd2 Ndf6 14. Ne5 c4 15.
Nc1 Nxd2 16. Qxd2 Ne4 17. Bxe4 dxe4 18. h3 Bxe5 19. dxe5 Rcd8 20. Qc2 Qxe5 21.
Ne2 Bc8 22. Kg2 Qf5 23. Ng1 Rd3 24. Rad1 Qd7 25. Kf1 Rd8 26. Ke2 Bb7 27. f3
exf3+ 28. Nxf3 Bxf3+ 29. Kxf3 Rxd1 0-1

[Event "ch-city"]
[Site "Milanowek"]
[Date "2011.??.??"]
[Round "1.9"]
[White "Kolinski, Daniel"]
[Black "Wrzesinski, Gustaw"]
[Result "1-0"]
[WhiteElo "1785"]
[BlackElo "1342"]
[PlyCount "35"]
[EventDate "2011.??.??"]

1. e4 e6 2. d4 d5 3. e5 Nc6 4. Nf3 Bd7 5. a3 Nge7 6. Nc3 Na5 7. Be3 h6 8. Qd2
Nc4 9. Bxc4 dxc4 10. Qe2 Nd5 11. Qxc4 Nxe3 12. fxe3 Bc6 13. e4 b5 14. Qxc6+ Ke7
15. Nxb5 g5 16. Nxc7 Rc8 17. d5 f5 18. Qxe6# 1-0

[Event "ch-city"]
[Site "Milanowek"]
[Date "2011.??.??"]
[Round "1.10"]
[White "Jarzebowski, Kacper"]
[Black "Kowalik, Pawel"]
[Result "0-1"]
[WhiteElo "1237"]
[BlackElo "1740"]
[PlyCount "86"]
[EventDate "2011.??.??"]

1. e4 e5 2. Nf3 Nc6 3. Bb5 a6 4. Bxc6 dxc6 5. O-O f6 6. d4 exd4 7. Nxd4 c5 8.
Nb3 Qxd1 9. Rxd1 Bg4 10. f3 Bd7 11. Be3 b6 12. Nc3 Bd6 13. Nd5 Rb8 14. c4 Ne7
15. Rd2 Nxd5 16. exd5 Kf7 17. Re1 Rhe8 18. h3 Bg3 19. Ree2 Re7 20. Bf2 Be5 21.
Be3 Rbe8 22. Kf2 g5 23. Nc1 Bf5 24. b3 Bc3 25. Rd1 Be5 26. Rde1 h5 27. g4 Bg6
28. gxh5 Bxh5 29. Nd3 Bd6 30. Kg2 Bg6 31. Nc1 Bf5 32. Bf2 Rxe2 33. Rxe2 Rh8 34.
Re1 Rxh3 35. Rh1 Rxh1 36. Kxh1 Bf4 37. Ne2 Be5 38. Ng3 Bb1 39. a3 Ba2 40. Ne4
Bxb3 41. Nd2 Bc2 42. Kg2 Bf4 43. Ne4 Bd3 0-1

[Event "ch-city"]
[Site "Milanowek"]
[Date "2011.??.??"]
[Round "2.1"]
[White "Tomaszewska, Luiza"]
[Black "Kolosowski, Mateusz"]
[Result "0-1"]
[WhiteElo "1994"]
[BlackElo "2408"]
[PlyCount "100"]
[EventDate "2011.??.??"]

1. e4 g6 2. d4 Bg7 3. Nc3 d6 4. f4 a6 5. a4 Nd7 6. Nf3 c5 7. d5 Rb8 8. Be2 Nh6
9. h3 Qc7 10. a5 b5 11. axb6 Rxb6 12. O-O O-O 13. Kh1 f5 14. Na4 Rb4 15. c3 Rb8
16. e5 Nb6 17. Nxb6 Rxb6 18. e6 Bb7 19. Bc4 Kh8 20. Ng5 a5 21. Qe2 Ra8 22. Ra4
Qb8 23. Rf3 Ba6 24. Bxa6 Rbxa6 25. Re3 Qb3 26. Rc4 a4 27. Nf7+ Kg8 28. Nxh6+
Bxh6 29. g4 Rf8 30. g5 Bg7 31. Kh2 Rb8 32. h4 Rab6 33. Kg3 Qa2 34. h5 Rxb2 35.
Bxb2 Rxb2 36. Qf1 Qb3 37. h6 Qc2 38. Re2 Qd3+ 39. Qf3 Qxe2 40. Qxe2 Rxe2 41.
Rxa4 Re3+ 42. Kh4 Bf8 43. Ra3 Rd3 44. c4 Rd4 45. Rf3 Rxc4 46. Kg3 Rd4 47. Kh4
Rxd5 48. Rd3 Rd4 49. Rxd4 cxd4 50. Kg3 Bg7 0-1

[Event "ch-city"]
[Site "Milanowek"]
[Date "2011.??.??"]
[Round "2.2"]
[White "Malec, Sebastian"]
[Black "Staniak, Mariusz"]
[Result "1-0"]
[WhiteElo "2167"]
[BlackElo "1889"]
[PlyCount "69"]
[EventDate "2011.??.??"]

1. e4 c6 2. Nc3 d5 3. Nf3 Bg4 4. h3 Bxf3 5. Qxf3 e6 6. d3 Nd7 7. Bd2 g6 8. g4
Bg7 9. Bg2 Ne7 10. Qg3 Qb6 11. Rb1 Rc8 12. f4 f5 13. gxf5 exf5 14. e5 Nf8 15.
Ne2 Ne6 16. c3 c5 17. O-O O-O 18. h4 Kh8 19. Kh1 Qd8 20. Ng1 Nc6 21. Nf3 Bh6
22. Ng5 Bxg5 23. hxg5 Kg7 24. Bf3 Rh8 25. Kg2 h6 26. gxh6+ Rxh6 27. Rh1 Rxh1
28. Rxh1 Nf8 29. Qh3 Kf7 30. Qh8 Ne7 31. Qf6+ Ke8 32. e6 Qd6 33. Qf7+ Kd8 34.
Qxf8+ Kc7 35. Qf6 1-0

[Event "ch-city"]
[Site "Milanowek"]
[Date "2011.??.??"]
[Round "2.3"]
[White "Lasota, Adam"]
[Black "Olejarczyk, Bogdan"]
[Result "1-0"]
[WhiteElo "1844"]
[BlackElo "2120"]
[PlyCount "42"]
[EventDate "2011.??.??"]

1. d4 d5 2. c4 c6 3. cxd5 cxd5 4. Nf3 Nc6 5. Nc3 a6 6. Bf4 Nf6 7. e3 Bf5 8. Bd3
Bxd3 9. Qxd3 e6 10. O-O Be7 11. Rfc1 O-O 12. Na4 Ne4 13. Nd2 Qa5 14. Nxe4 Qxa4
15. Nc5 Bxc5 16. Rxc5 Rfc8 17. b3 Qb4 18. Rac1 Qb6 19. Qc3 Rd8 20. b4 Qxb4 21.
Rxc6 Qxc3 1-0

[Event "ch-city"]
[Site "Milanowek"]
[Date "2011.??.??"]
[Round "2.4"]
[White "Sawicki, Mikolaj"]
[Black "Kolinski, Daniel"]
[Result "1-0"]
[WhiteElo "2045"]
[BlackElo "1785"]
[PlyCount "31"]
[EventDate "2011.??.??"]

1. e4 e5 2. Nf3 Nc6 3. Bc4 Bc5 4. c3 Nge7 5. b4 Bb6 6. b5 Na5 7. Nxe5 d5 8.
exd5 f6 9. d6 fxe5 10. dxe7 Qxe7 11. Bb3 Qc5 12. O-O Nxb3 13. Qxb3 Rf8 14. Ba3
Qxf2+ 15. Rxf2 Rxf2 16. d4 1-0

[Event "ch-city"]
[Site "Milanowek"]
[Date "2011.??.??"]
[Round "2.5"]
[White "Kowalik, Pawel"]
[Black "Goslawski, Michal"]
[Result "0-1"]
[WhiteElo "1740"]
[BlackElo "2033"]
[PlyCount "48"]
[EventDate "2011.??.??"]

1. c4 e6 2. Nc3 Nf6 3. d4 Bb4 4. Qc2 O-O 5. Bg5 h6 6. Bh4 d5 7. cxd5 exd5 8. e3
c5 9. a3 Bxc3+ 10. bxc3 cxd4 11. cxd4 g5 12. Bg3 Ne4 13. Nf3 Qa5+ 14. Nd2 Bf5
15. Qd1 Re8 16. Be2 Nc6 17. Qc1 Nxd4 18. exd4 Rac8 19. Qb2 Nxg3 20. hxg3 Rc2
21. Qb4 Qxb4 22. axb4 Bd3 23. Kd1 Rxe2 24. Nf3 a6 0-1

[Event "ch-city"]
[Site "Milanowek"]
[Date "2011.??.??"]
[Round "2.7"]
[White "Dabrowski, Mikolaj"]
[Black "Kaczmarczyk, Marcin"]
[Result "1/2-1/2"]
[WhiteElo "1434"]
[BlackElo "1738"]
[Annotator "M"]
[PlyCount "51"]
[EventDate "2011.??.??"]

1. e4 e6 2. d4 d5 3. exd5 exd5 4. Bd3 Nf6 5. Bf4 Be7 6. Nf3 Bg4 7. Nbd2 O-O 8.
c3 Re8 9. O-O c6 10. Qc2 Nbd7 11. Ne5 Bh5 12. Rfe1 Bg6 13. Nxg6 hxg6 14. Nf3
Nh5 15. Bd2 Qc7 16. h3 Bd6 17. Rxe8+ Rxe8 18. Re1 Rxe1+ 19. Nxe1 Nf4 20. Bxf4
Bxf4 21. Nf3 Nf6 22. Qe2 Kf8 23. Ne5 Nd7 24. Nxd7+ Qxd7 25. Qf3 Qd6 26. Qg4 $11
1/2-1/2

[Event "ch-city"]
[Site "Milanowek"]
[Date "2011.??.??"]
[Round "2.8"]
[White "Wojtowicz, Mieczyslaw"]
[Black "Szustakowski, Antoni"]
[Result "1/2-1/2"]
[WhiteElo "1737"]
[BlackElo "1437"]
[PlyCount "65"]
[EventDate "2011.??.??"]

1. e4 c5 2. Nf3 Nc6 3. Be2 g6 4. c3 Bg7 5. Na3 d6 6. Nc4 Nf6 7. d3 O-O 8. O-O
b5 9. Ncd2 a5 10. Re1 b4 11. Nf1 c4 12. dxc4 bxc3 13. Bd3 cxb2 14. Bxb2 Nb4 15.
Bc3 Nxd3 16. Qxd3 Bb7 17. Ng3 Qc7 18. e5 dxe5 19. Bxe5 Qd8 20. Qa3 Re8 21. Rad1
Qc8 22. c5 Bxf3 23. gxf3 Nd7 24. Bxg7 Kxg7 25. Qc3+ Kg8 26. c6 Nb8 27. c7 Na6
28. Rc1 Nb4 29. Qc4 Qa6 30. c8=Q Raxc8 31. Qxa6 Nxa6 32. Rxc8 Rxc8 33. Rxe7
1/2-1/2

[Event "ch-city"]
[Site "Milanowek"]
[Date "2011.??.??"]
[Round "2.9"]
[White "Tomaszewski, Wieslaw"]
[Black "Kucharski, Jacek"]
[Result "1/2-1/2"]
[WhiteElo "1573"]
[BlackElo "1384"]
[PlyCount "90"]
[EventDate "2011.??.??"]

1. d4 Nf6 2. Bf4 d5 3. Nf3 Nc6 4. e3 a6 5. c3 Bg4 6. h3 Bxf3 7. Qxf3 e6 8. Bd3
h6 9. Nd2 Bd6 10. Bg3 Bxg3 11. Qxg3 O-O 12. f4 Ne7 13. Qf3 Nh7 14. g4 g6 15. h4
f5 16. O-O-O Rf7 17. Rdg1 Qd6 18. h5 g5 19. fxg5 Nxg5 20. gxf5 Kh8 21. Qg4 exf5
22. Qf4 Qxf4 23. exf4 Ne4 24. Rh2 Rg8 25. Rhg2 Rxg2 26. Rxg2 Rg7 27. Rxg7 Kxg7
28. Nf1 c6 29. Be2 Kf7 30. Kc2 Ke6 31. Kd3 b5 32. Bf3 Ng8 33. Ke3 Ngf6 34. Be2
Nd6 35. Ng3 Nc4+ 36. Bxc4 bxc4 37. Kf3 a5 38. Ke2 a4 39. Kd1 Ne4 40. Ne2 Nf2+
41. Kc2 Ne4 42. b3 cxb3+ 43. axb3 axb3+ 44. Kxb3 Nf6 45. Ng3 Ne4 1/2-1/2

[Event "ch-city"]
[Site "Milanowek"]
[Date "2011.??.??"]
[Round "2.10"]
[White "Wrzesinski, Gustaw"]
[Black "Fraczek, Lukasz"]
[Result "0-1"]
[WhiteElo "1342"]
[BlackElo "1503"]
[PlyCount "31"]
[EventDate "2011.??.??"]

1. e4 c5 2. Nf3 Nc6 3. Nc3 e6 4. d4 cxd4 5. Nxd4 Nf6 6. f3 Bb4 7. Bd2 Nxd4 8.
Bg5 Nc6 9. Bb5 Qa5 10. Bxf6 gxf6 11. Qd3 Ne5 12. Qe2 Bxc3+ 13. bxc3 a6 14. f4
Qxc3+ 15. Kf2 Qd4+ 16. Ke1 0-1

[Event "ch-city"]
[Site "Milanowek"]
[Date "2011.??.??"]
[Round "2.11"]
[White "Tomczyk, Ryszard"]
[Black "Jarzebowski, Kacper"]
[Result "0-1"]
[WhiteElo "1479"]
[BlackElo "1237"]
[Annotator "M"]
[PlyCount "162"]
[EventDate "2011.??.??"]

1. e4 c5 2. Bc4 Nc6 3. Nf3 e6 4. Nc3 Nf6 5. O-O d5 6. exd5 exd5 7. Re1+ Be7 8.
Bb5 O-O 9. d4 Be6 10. h3 Rc8 11. Be3 b6 12. Ba6 Rc7 13. Bf4 Rd7 14. Bb5 Qc8 15.
Ng5 a6 16. Bf1 Nxd4 17. Be5 Bf5 18. Bd3 c4 19. Bxd4 cxd3 20. cxd3 h6 21. Nf3
Qd8 22. Ne5 Rd6 23. g4 Be6 $11 24. f4 Bc8 25. Qf3 Bb7 26. Re2 Nd7 27. Rae1 Nxe5
28. Bxe5 Rd7 29. Bd4 Bc5 30. Qf2 Bxd4 31. Qxd4 b5 32. a3 Bc6 33. Re5 f6 34. Re6
Rd6 35. Qc5 Rxe6 36. Rxe6 Bb7 37. Re7 Rf7 38. Re1 Qc7 $11 39. Re8+ Kh7 40. Qe3
Qd7 41. Ne2 Bc6 42. Re6 Bb7 43. d4 Bc8 44. Qd3+ Kg8 45. f5 Bb7 46. Qe3 Bc6 47.
Qc3 Bb7 48. Nf4 Re7 49. Qe3 Kf7 50. Kf2 Bc6 51. Qc3 Bb7 52. Qc5 Qc7 53. Rxe7+
Qxe7 54. Qxe7+ Kxe7 55. b4 Bc6 56. Nd3 Bb7 57. Nc5 Bc8 58. Kg3 Kd6 59. Kh4 Ke7
60. Kh5 Kf7 61. Ne6 Bxe6 62. fxe6+ Kxe6 63. Kg6 h5 64. Kxh5 g5 65. h4 gxh4 66.
Kxh4 Kf7 67. Kh5 Kg7 68. Kh4 Kg6 69. Kg3 Kg5 70. Kf3 f5 71. gxf5 Kxf5 $11 72.
Ke3 Kg4 73. Ke2 Kf4 74. Kd3 Kf3 75. Kc3 Ke3 76. Kb3 Kxd4 77. a4 Ke3 78. axb5
axb5 79. Kc2 d4 80. Kd1 d3 81. Kc1 Ke2 0-1

[Event "ch-city"]
[Site "Milanowek"]
[Date "2011.??.??"]
[Round "3.1"]
[White "Kolosowski, Mateusz"]
[Black "Lasota, Adam"]
[Result "1-0"]
[WhiteElo "2408"]
[BlackElo "1844"]
[Annotator "M"]
[PlyCount "91"]
[EventDate "2011.??.??"]

1. e4 c5 2. Nc3 a6 3. g3 Nc6 4. Bg2 Nf6 5. Nge2 e6 6. O-O Be7 7. d4 cxd4 8.
Nxd4 Nxd4 9. Qxd4 d6 10. b3 O-O 11. Bb2 Qc7 12. a4 e5 13. Qd3 Be6 14. Nd1 b5
15. Ne3 b4 16. h3 Rfd8 17. Rad1 a5 18. f4 Bc8 19. Rf2 Ba6 20. Qd2 Bb7 21. Qd3
Ba6 22. Qd2 Bb7 23. Nd5 Nxd5 24. exd5 f6 25. Be4 Bc8 26. Qd3 h6 27. g4 Ba6 28.
Qg3 Rf8 29. h4 Qa7 30. Kh1 Bd8 31. Bc1 Bb6 32. Rg2 Qf7 33. f5 Bd8 34. Qh3 Rc8
$11 35. Rg3 Qa7 36. Be3 Bb6 37. Bxb6 Qxb6 38. g5 Kf7 39. gxf6 gxf6 40. Rdg1 Rg8
41. Qg2 Rxg3 42. Qxg3 Rf8 43. Qg7+ Ke8 44. Bf3 Rf7 45. Bh5 Qb7 46. Qg8+ 1-0

[Event "ch-city"]
[Site "Milanowek"]
[Date "2011.??.??"]
[Round "3.2"]
[White "Goslawski, Michal"]
[Black "Malec, Sebastian"]
[Result "1/2-1/2"]
[WhiteElo "2033"]
[BlackElo "2167"]
[Annotator "M"]
[PlyCount "96"]
[EventDate "2011.??.??"]

1. Nf3 Nf6 2. c4 c5 3. g3 b6 4. Bg2 Bb7 5. Nc3 e6 6. O-O Be7 7. d4 cxd4 8. Nxd4
Bxg2 9. Kxg2 O-O 10. e4 d6 11. b3 Qc8 12. Bb2 Nc6 13. Re1 a6 14. Qd2 Qb7 15.
Kg1 Rad8 16. Rad1 Rfe8 17. Nxc6 Qxc6 18. Qd4 Qb7 19. h3 Rd7 20. Qd3 Red8 21.
Qf3 Ne8 22. Ne2 b5 23. cxb5 axb5 24. Nf4 b4 25. Qg4 Bf6 26. e5 Bxe5 27. Bxe5
dxe5 28. Rxd7 Qxd7 29. Rxe5 Qd4 30. Re1 Nf6 31. Qe2 g5 32. Ng2 Nd5 33. Qh5 Qf6
34. Ne3 Nc3 35. Ng4 Qg7 36. Re3 Rd1+ 37. Kg2 Qg6 38. Qxg6+ hxg6 39. Re5 Nxa2
40. Rb5 Rb1 41. Ne5 Rxb3 42. Rb7 Rb2 43. Nxf7 b3 44. Nxg5 Nc1 45. Ne4 Nd3 46.
Rd7 Ne5 47. Nf6+ Kf8 48. Nh7+ Ke8 $11 1/2-1/2

[Event "ch-city"]
[Site "Milanowek"]
[Date "2011.??.??"]
[Round "3.4"]
[White "Olejarczyk, Bogdan"]
[Black "Kolinski, Daniel"]
[Result "1-0"]
[WhiteElo "2120"]
[BlackElo "1785"]
[PlyCount "45"]
[EventDate "2011.??.??"]

1. d4 Nf6 2. Nf3 c5 3. e3 e6 4. Nbd2 Nc6 5. Bd3 d5 6. c3 cxd4 7. exd4 Bd6 8.
O-O Qc7 9. Re1 O-O 10. Nf1 b6 11. Bg5 Nd7 12. Bh4 e5 13. dxe5 Ndxe5 14. Nxe5
Nxe5 15. Bg3 Nxd3 16. Qxd3 Bb7 17. Rad1 Rad8 18. Qd4 Rfe8 19. Bxd6 Qxd6 20.
Rxe8+ Rxe8 21. Ne3 Qc6 22. h3 Re4 23. Qxe4 1-0

[Event "ch-city"]
[Site "Milanowek"]
[Date "2011.??.??"]
[Round "3.5"]
[White "Fraczek, Lukasz"]
[Black "Tomaszewska, Luiza"]
[Result "0-1"]
[WhiteElo "1503"]
[BlackElo "1994"]
[PlyCount "48"]
[EventDate "2011.??.??"]

1. e4 c5 2. Nf3 d6 3. Bb5+ Bd7 4. Bxd7+ Qxd7 5. O-O Nc6 6. c3 g6 7. d4 cxd4 8.
cxd4 Bg7 9. Re1 e6 10. d5 Ne5 11. Nxe5 Bxe5 12. Nd2 Bg7 13. Nf3 e5 14. Nd2 Ne7
15. b3 O-O 16. Ba3 b5 17. Rc1 f5 18. f3 Bh6 19. Rc2 Rac8 20. Qb1 b4 21. Bxb4
Qb5 22. Bxd6 Qb6+ 23. Bc5 Rxc5 24. Nc4 Rxc4+ 0-1

[Event "ch-city"]
[Site "Milanowek"]
[Date "2011.??.??"]
[Round "3.6"]
[White "Staniak, Mariusz"]
[Black "Kowalik, Pawel"]
[Result "0-1"]
[WhiteElo "1889"]
[BlackElo "1740"]
[PlyCount "184"]
[EventDate "2011.??.??"]

1. c4 e5 2. g3 g6 3. Bg2 Bg7 4. Nc3 Nc6 5. d3 d6 6. e4 Nd4 7. Nge2 c5 8. O-O
Ne7 9. Nxd4 cxd4 10. Ne2 O-O 11. f4 f6 12. b4 Be6 13. a4 b6 14. f5 Bd7 15. fxg6
hxg6 16. b5 a5 17. bxa6 Rxa6 18. Qb3 Kh7 19. Bb2 Qc7 20. Ra3 Rfa8 21. Rfa1 Qc6
22. Nxd4 exd4 23. e5 Qc5 24. Bxa8 Rxa8 25. exd6 Nc6 26. Qb5 Qxd6 27. Qd5 Qxd5
28. cxd5 Nb4 29. Rc1 Nxd5 30. Bxd4 Rxa4 31. Rxa4 Bxa4 32. Rc8 f5 33. Bf2 b5 34.
Rd8 Bb3 35. Rd7 Kh6 36. Rb7 b4 37. Bc5 Bc3 38. Bf8+ Kg5 39. Rb5 Kf6 40. Kf2 Ke6
41. Ke2 Ba4 42. Rb8 Ne7 43. Rb7 Nc6 44. Rb6 Kd5 45. Ra6 Bc2 46. Rb6 Nd4+ 47.
Ke3 Ne6 48. Rb5+ Kc6 49. Bxb4 Kxb5 50. Bxc3 Kc5 51. Bf6 Kd5 52. Kd2 Ba4 53. Ke3
Bb5 54. h4 Nc5 55. d4 Ne6 56. Be5 Bf1 57. Bf6 Bh3 58. Be5 Bg4 59. Bf6 Nc7 60.
Be5 Nb5 61. Bf6 Nc3 62. Be5 Nd1+ 63. Kd3 Nb2+ 64. Kc3 Nc4 65. Bf6 Be2 66. Bg5
Ke4 67. Bf4 Bf1 68. Bc7 Ne3 69. Be5 Kf3 70. Bc7 Bb5 71. Be5 Nf1 72. Kb4 Be8 73.
Kc5 Nxg3 74. d5 Kg4 75. Kd6 Kxh4 76. Ke7 Ba4 77. d6 Ne4 78. d7 Bxd7 79. Kxd7
Kg4 80. Ke6 g5 81. Kd5 Kf3 82. Ke6 Kg4 83. Kd5 Nd2 84. Bc3 Nf3 85. Kc4 Kf4 86.
Kd3 Kg3 87. Ke2 Kg2 88. Ba5 g4 89. Bc7 Nd4+ 90. Ke1 Kf3 91. Be5 Ne2 92. Bh2 g3
0-1

[Event "ch-city"]
[Site "Milanowek"]
[Date "2011.??.??"]
[Round "3.7"]
[White "Jarzebowski, Kacper"]
[Black "Wojtowicz, Mieczyslaw"]
[Result "1/2-1/2"]
[WhiteElo "1237"]
[BlackElo "1737"]
[PlyCount "70"]
[EventDate "2011.??.??"]

1. e4 d6 2. d4 c6 3. Nc3 g6 4. f4 Bg7 5. Nf3 Bg4 6. Be3 Nf6 7. Bd3 a5 8. Qe2
Na6 9. Bxa6 Rxa6 10. O-O-O Bxf3 11. gxf3 Nd7 12. e5 d5 13. Rhg1 e6 14. Bf2 a4
15. Rd3 Nb6 16. Nd1 Nc8 17. Bg3 Ne7 18. Nf2 Nf5 19. Rd2 Bf8 20. c3 Be7 21. Nd3
Qb6 22. Bf2 Qb5 23. Rg2 O-O 24. Bg3 Qc4 25. Kb1 Rb6 26. Nc1 Qxc3 27. Qd3 Qa5
28. Ne2 Rc8 29. Be1 Qa7 30. Ng3 Nxg3 31. Rxg3 Bb4 32. Re2 Bxe1 33. Rxe1 c5 34.
Reg1 cxd4 35. f5 Rc3 1/2-1/2

[Event "ch-city"]
[Site "Milanowek"]
[Date "2011.??.??"]
[Round "3.8"]
[White "Kaczmarczyk, Marcin"]
[Black "Tomaszewski, Wieslaw"]
[Result "0-1"]
[WhiteElo "1738"]
[BlackElo "1573"]
[PlyCount "126"]
[EventDate "2011.??.??"]

1. e4 e6 2. d4 b6 3. Nf3 c5 4. d5 d6 5. Bc4 e5 6. Ng5 Nf6 7. Nc3 a6 8. a4 Be7
9. O-O h6 10. Nf3 Nbd7 11. h3 Nf8 12. Be3 g5 13. Nd2 Ng6 14. f3 Nh5 15. g4 Nhf4
16. Bxf4 Nxf4 17. Kh2 h5 18. Ne2 hxg4 19. Nxf4 g3+ 20. Kxg3 gxf4+ 21. Kf2 Qd7
22. Rh1 Rxh3 23. Qg1 Rxh1 24. Qxh1 Qh3 25. Qxh3 Bxh3 26. Rh1 Bd7 27. b3 b5 28.
axb5 axb5 29. Be2 Ra2 30. Bd1 f5 31. Ke2 fxe4 32. Nxe4 c4 33. bxc4 bxc4 34.
Rh8+ Kf7 35. Rh7+ Kf8 36. Rh8+ Kg7 37. Rb8 Ra7 38. Rb6 Rc7 39. Nxd6 Bxd6 40.
Rxd6 Kf7 41. Rh6 Rc5 42. Rh7+ Ke8 43. d6 Bb5 44. c3 Rd5 45. Re7+ Kd8 46. Bc2
Bd7 47. Be4 Rxd6 48. Rxe5 Ra6 49. Rc5 Ra3 50. Kd2 Ra2+ 51. Kc1 Be6 52. Bd5 Bf5
53. Rxc4 Rc2+ 54. Kd1 Bg6 55. Be4 Bxe4 56. Rxe4 Rxc3 57. Rxf4 Re3 58. Kd2 Re6
59. Kd3 Ke7 60. Kd4 Ra6 61. Re4+ Kf6 62. f4 Kf5 63. Ke3 Ra3+ 0-1